[Event "La Roda op 51st"]
[Site "La Roda"]
[Date "2025.04.19"]
[Round "7"]
[White "Kanov, Nikola"]
[Black "Rumbos Garcia, Alejandro Daniel"]
[Result "1-0"]
[WhiteElo "2413"]
[BlackElo "2178"]
[PlyCount "75"]
[EventDate "2025.04.15"]
[EventType "swiss"]
[EventRounds "9"]
[EventCountry "ESP"]
[SourceTitle "CB17_2025"]
[SourceDate "2025.04.23"]
[SourceVersion "1"]
[SourceVersionDate "2025.04.23"]
[SourceQuality "1"]

1. e4 c5 2. Nf3 Nc6 3. d4 cxd4 4. Nxd4 Nf6 5. Nc3 e5 6. Ndb5 d6 7. Bg5 a6 8. Na3 b5 9. Nd5 Be7 10. Bxf6 Bxf6 11. c3 Bg5 12. Nc2 Rb8 13. a4 bxa4 14. Ncb4 Nxb4 15. cxb4 Bd7 16. Bxa6 0-0 17. 0-0 Bc6 18. Ra2 a3 19. Rxa3 Kh8 20. Ra4 f5 21. b3 Bxd5 22. exf5 Rxf5 23. Qxd5 Rf8 24. Bd3 Qc7 25. b5 Rbc8 26. Ra6 Rce8 27. b6 Qc3 28. Qe4 g6 29. Ra7 Be7 30. Bb5 d5 31. Qe2 Bc5 32. Bxe8 Rxf2 33. Rxf2 Qc1+ 34. Qf1 Bxf2+ 35. Kxf2 Qc5+ 36. Kg3 Qe3+ 37. Qf3 Qe1+ 38. Kh3 1-0

[Event "La Roda op 51st"]
[Site "La Roda"]
[Date "2025.04.19"]
[Round "8"]
[White "Rumbos Garcia, Alejandro Daniel"]
[Black "Talavera Garcia, Santiago"]
[Result "0-1"]
[WhiteElo "2178"]
[BlackElo "2024"]
[PlyCount "102"]
[EventDate "2025.04.15"]
[EventType "swiss"]
[EventRounds "9"]
[EventCountry "ESP"]
[SourceTitle "CB17_2025"]
[SourceDate "2025.04.23"]
[SourceVersion "1"]
[SourceVersionDate "2025.04.23"]
[SourceQuality "1"]

1. c4 e5 2. Nc3 Nf6 3. Nf3 d6 4. e4 g6 5. d4 exd4 6. Nxd4 Bg7 7. Be2 Nc6 8. Be3 0-0 9. f3 a5 10. Qd2 a4 11. 0-0-0 Re8 12. Ndb5 Be6 13. Bg5 Nb4 14. Kb1 a3 15. b3 Qe7 16. g4 Rec8 17. Qf4 Bd7 18. Nd4 Ra5 19. h4 c6 20. Rhe1 Re5 21. Qd2 d5 22. exd5 cxd5 23. f4 Rxg5 24. hxg5 Ne4 25. Qe3 Nxc3+ 26. Qxc3 Qe4+ 27. Bd3 Qxd4 28. Qxd4 Bxd4 29. f5 Bc3 30. Re7 Bc6 31. c5 Nxd3 32. Rxd3 d4 33. Kc1 Re8 34. Rxe8+ Bxe8 35. Kd1 Bc6 36. Rg3 gxf5 37. gxf5 Be4 38. f6 Kf8 39. Rh3 Ke8 40. Rh4 Bb1 41. Kc1 Bg6 42. b4 Kd7 43. b5 Ke6 44. c6 bxc6 45. bxc6 Kd6 46. Rh2 Kxc6 47. Kd1 Kd5 48. Ke2 Bb2 49. Rh1 Ke5 50. Rf1 Bc3 51. Rg1 Bc2 0-1

[Event "VEN-ch"]
[Site "Caracas"]
[Date "2024.02.27"]
[Round "9"]
[White "Rohl Montes, Juan Armando"]
[Black "Rumbos Garcia, Alejandro Daniel"]
[Result "1-0"]
[WhiteElo "2375"]
[BlackElo "2086"]
[PlyCount "51"]
[EventDate "2024.02.23"]
[EventType "tourn"]
[EventRounds "9"]
[EventCountry "VEN"]
[EventCategory "1"]
[SourceTitle "CBM 219 Extra"]
[Source "ChessBase"]
[SourceDate "2024.05.31"]
[SourceVersion "1"]
[SourceVersionDate "2024.05.31"]
[SourceQuality "1"]

1. e4 d5 2. exd5 Qxd5 3. Nc3 Qa5 4. d4 Nf6 5. Bd2 c6 6. Bd3 Qc7 7. h3 e6 8. Nf3 Bd6 9. Qe2 a5 10. 0-0-0 Nbd7 11. Kb1 0-0 12. g4 Nd5 13. g5 Re8 14. Qe4 Nf8 15. h4 Nb4 16. h5 Nxd3 17. Qxd3 Bf4 18. Ne4 Kh8 19. h6 g6 20. Bxf4 Qxf4 21. Rh4 Qf5 22. Qe3 Re7 23. Rf4 Qh3 24. Nd6 Nd7 25. Nxf7+ Kg8 26. N7e5 1-0

[Event "VEN-ch"]
[Site "Caracas"]
[Date "2024.02.26"]
[Round "6"]
[White "Brizuela Abreu, Ronald Jesus"]
[Black "Rumbos Garcia, Alejandro Daniel"]
[Result "1-0"]
[WhiteElo "2311"]
[BlackElo "2086"]
[PlyCount "97"]
[EventDate "2024.02.23"]
[EventType "tourn"]
[EventRounds "9"]
[EventCountry "VEN"]
[EventCategory "1"]
[SourceTitle "CBM 219 Extra"]
[Source "ChessBase"]
[SourceDate "2024.05.31"]
[SourceVersion "1"]
[SourceVersionDate "2024.05.31"]
[SourceQuality "1"]

1. Nf3 Nf6 2. c4 g6 3. Nc3 Bg7 4. e4 d6 5. d4 0-0 6. Be2 e5 7. 0-0 Nc6 8. d5 Ne7 9. Ne1 Ne8 10. f3 f5 11. Nd3 f4 12. Bd2 g5 13. Rc1 Ng6 14. c5 Rf7 15. b4 Bf8 16. Nb5 h5 17. Nf2 Nf6 18. h3 Rg7 19. Rc3 Nh8 20. cxd6 cxd6 21. Qc2 g4 22. Rc1 Bd7 23. fxg4 hxg4 24. hxg4 Bxb5 25. Bxb5 Qb6 26. Be2 Nf7 27. Kf1 Ng5 28. a3 Rh7 29. Bf3 Rh2 30. Be1 Re8 31. Rc7 Be7 32. Qd3 Bd8 33. Rc8 Kg7 34. Ke2 a6 35. a4 Ng8 36. Ra8 Qe3+ 37. Qxe3 fxe3 38. Rxd8 Rxd8 39. Rc7+ Kf8 40. Kxe3 Rh7 41. Rc1 Ke8 42. Be2 Ne7 43. b5 axb5 44. Bxb5+ Kf8 45. Bb4 Rc8 46. Rf1 Rh6 47. Nh3+ Nf7 48. Ng5 Rc7 49. Ne6+ 1-0

[Event "Caracas Altamira Village"]
[Site "Caracas"]
[Date "2024.02.21"]
[Round "9.1"]
[White "Duran Vega, Sergio"]
[Black "Rumbos Garcia, Alejandro Daniel"]
[Result "1-0"]
[WhiteElo "2357"]
[BlackElo "2086"]
[PlyCount "39"]
[EventDate "2024.02.17"]
[EventType "tourn"]
[EventRounds "9"]
[EventCountry "VEN"]
[SourceTitle "CBM 219 Extra"]
[Source "ChessBase"]
[SourceDate "2024.05.31"]
[SourceVersion "1"]
[SourceVersionDate "2024.05.31"]
[SourceQuality "1"]

1. d4 Nf6 2. Nf3 g6 3. Nbd2 d5 4. b4 Bg7 5. e3 0-0 6. c4 c6 7. Be2 a5 8. b5 Ne4 9. Bb2 a4 10. Rc1 Qa5 11. 0-0 Rd8 12. cxd5 cxd5 13. Nxe4 dxe4 14. Ng5 Bd7 15. Nxe4 Qb6 16. Ba3 Qe6 17. Nc5 Qxa2 18. Bb4 Bf5 19. g4 Nd7 20. gxf5 1-0

[Event "Caracas Altamira Village"]
[Site "Caracas"]
[Date "2024.02.21"]
[Round "8.1"]
[White "Rumbos Garcia, Alejandro Daniel"]
[Black "Ynojosa Aponte, Felix Jose"]
[Result "0-1"]
[WhiteElo "2086"]
[BlackElo "2367"]
[PlyCount "85"]
[EventDate "2024.02.17"]
[EventType "tourn"]
[EventRounds "9"]
[EventCountry "VEN"]
[SourceTitle "CBM 219 Extra"]
[Source "ChessBase"]
[SourceDate "2024.05.31"]
[SourceVersion "1"]
[SourceVersionDate "2024.05.31"]
[SourceQuality "1"]

1. e4 c5 2. Nf3 Nc6 3. d4 cxd4 4. Nxd4 e5 5. Nb5 d6 6. N1c3 a6 7. Na3 b5 8. Nd5 Nf6 9. Bg5 Be7 10. Bxf6 Bxf6 11. c3 Bg5 12. Nc2 Rb8 13. a4 bxa4 14. Ncb4 Nxb4 15. Nxb4 Bd7 16. Qxd6 Be7 17. Qxe5 0-0 18. Nd5 Bc5 19. Nf4 Ba7 20. Nh5 f6 21. Qg3 g6 22. Bc4+ Kh8 23. Nf4 Qe8 24. 0-0 Rxb2 25. Nd3 Rb8 26. Qc7 Bb6 27. Qd6 Bb5 28. Bxb5 axb5 29. Qb4 Qc6 30. Nf4 Bc5 31. Qb1 Rfe8 32. Re1 b4 33. cxb4 Bxb4 34. Rc1 Qd6 35. e5 fxe5 36. Rd1 Qc6 37. Nd5 Bf8 38. Qe4 a3 39. Rac1 Qd6 40. h3 Red8 41. Ne3 Qb4 42. Qf3 e4 43. Qf7 0-1

[Event "Caracas Altamira Village"]
[Site "Caracas"]
[Date "2024.02.20"]
[Round "7.1"]
[White "Gibson, Tomas"]
[Black "Rumbos Garcia, Alejandro Daniel"]
[Result "0-1"]
[WhiteElo "2251"]
[BlackElo "2086"]
[PlyCount "69"]
[EventDate "2024.02.17"]
[EventType "tourn"]
[EventRounds "9"]
[EventCountry "VEN"]
[SourceTitle "CBM 219 Extra"]
[Source "ChessBase"]
[SourceDate "2024.05.31"]
[SourceVersion "1"]
[SourceVersionDate "2024.05.31"]
[SourceQuality "1"]

1. d4 Nf6 2. c4 g6 3. Nc3 Bg7 4. e4 d6 5. Nf3 0-0 6. Be2 e5 7. 0-0 Nbd7 8. Be3 Re8 9. d5 h6 10. h3 Nh5 11. g3 Nc5 12. Kg2 Nf6 13. Qc2 a5 14. Rh1 Nh7 15. g4 f5 16. Rag1 fxg4 17. hxg4 Bxg4 18. Nh4 Bxe2 19. Qxe2 Qf6 20. Kf1 g5 21. Nf5 Qg6 22. Bxc5 dxc5 23. d6 c6 24. Na4 Rad8 25. Qd3 Re6 26. Nxc5 Rexd6 27. Qxd6 Rxd6 28. Ne7+ Kf7 29. Nxg6 Kxg6 30. Nxb7 Rd2 31. Nxa5 Rxb2 32. Nxc6 Rxa2 33. Ne7+ Kf6 34. Nd5+ Ke6 35. Rg3 0-1

[Event "Caracas Altamira Village"]
[Site "Caracas"]
[Date "2024.02.19"]
[Round "5.1"]
[White "Gutierrez Anaya, Yeison Joel"]
[Black "Rumbos Garcia, Alejandro Daniel"]
[Result "1/2-1/2"]
[WhiteElo "2138"]
[BlackElo "2086"]
[PlyCount "125"]
[EventDate "2024.02.17"]
[EventType "tourn"]
[EventRounds "9"]
[EventCountry "VEN"]
[SourceTitle "CBM 219 Extra"]
[Source "ChessBase"]
[SourceDate "2024.05.31"]
[SourceVersion "1"]
[SourceVersionDate "2024.05.31"]
[SourceQuality "1"]

1. d4 Nf6 2. c4 g6 3. Nc3 d5 4. Nf3 Bg7 5. Qa4+ c6 6. cxd5 Nxd5 7. e4 Nb6 8. Qd1 Bg4 9. Be3 0-0 10. Be2 Kh8 11. h3 Bxf3 12. gxf3 f5 13. Qd2 f4 14. Bxf4 Qxd4 15. Be3 Qxd2+ 16. Kxd2 N8d7 17. h4 Ne5 18. f4 Nec4+ 19. Kc2 Nxe3+ 20. fxe3 e5 21. Raf1 Bh6 22. h5 Kg7 23. hxg6 hxg6 24. Rh4 Nd7 25. Rfh1 Rh8 26. Rg1 exf4 27. exf4 Raf8 28. Rhg4 Rxf4 29. Rxg6+ Kf7 30. Bc4+ Ke7 31. Re6+ Kd8 32. Rd1 Kc8 33. Re7 Nb6 34. Be6+ Kb8 35. Rh1 Rf2+ 36. Kb3 Rff8 37. a4 Bg5 38. Rxh8 Rxh8 39. Rg7 Bf6 40. Rf7 Be5 41. a5 Na8 42. Na4 b6 43. a6 Nc7 44. Bd7 Nb5 45. Ka2 Kc7 46. Bf5+ Kb8 47. Rb7+ Ka8 48. Re7 Bd6 49. Re6 Kb8 50. e5 Bc7 51. Be4 Nd4 52. Re7 Rd8 53. Nc3 b5 54. Bg6 b4 55. Ne4 b3+ 56. Ka3 Rd5 57. Re8+ Rd8 58. Nc5 Kc8 59. Rxd8+ Kxd8 60. Nxb3 Nb5+ 61. Kb4 Bxe5 62. Na5 Kc7 63. Nxc6 1/2-1/2

[Event "Pan American-ch School U17 12th"]
[Site "Callao"]
[Date "2023.10.17"]
[Round "3"]
[White "Cruz Ocas, Edward Joel"]
[Black "Rumbos Garcia, Alejandro Daniel"]
[Result "0-1"]
[WhiteElo "1611"]
[BlackElo "1947"]
[PlyCount "100"]
[EventDate "2023.10.16"]
[EventType "swiss"]
[EventRounds "9"]
[EventCountry "PER"]
[SourceTitle "CBM 217 Extra"]
[Source "ChessBase"]
[SourceDate "2024.01.31"]
[SourceVersion "1"]
[SourceVersionDate "2024.01.31"]
[SourceQuality "1"]

1. d4 Nf6 2. Bf4 c5 3. e3 Nd5 4. Bg3 Qb6 5. b3 Qb4+ 6. Qd2 cxd4 7. exd4 Qxd2+ 8. Nxd2 Nb4 9. Kd1 d6 10. c3 Nd5 11. Kc2 Nc6 12. Bd3 g6 13. Re1 Be6 14. Ngf3 Rc8 15. Bc4 Kd7 16. Kb2 h6 17. a4 Bg7 18. Rc1 g5 19. h4 g4 20. Ne1 h5 21. Nd3 Bh6 22. Rc2 Bf5 23. Rd1 Na5 24. Bb5+ Kd8 25. Nc4 Nc6 26. Bxd6 Bxd3 27. Rxd3 exd6 28. Nxd6 Rc7 29. Nxb7+ Ke7 30. Bxc6 Rxc6 31. g3 Rb8 32. Nc5 Bg7 33. Re2+ Kd8 34. Rd1 Nxc3 35. Kxc3 Rxc5+ 36. Kb2 Rd5 37. Rde1 Rxd4 38. Ka2 Rd7 39. Re8+ Kc7 40. Rc1+ Kb7 41. Rxb8+ Kxb8 42. Rc2 Bh6 43. Rc5 Rd2+ 44. Kb1 Rxf2 45. Rxh5 Be3 46. Rh8+ Kc7 47. Rg8 f5 48. Rf8 f4 49. gxf4 g3 50. Rf7+ Kd6 0-1

[Event "Caracas Gus Cup"]
[Site "Caracas"]
[Date "2022.07.31"]
[Round "9"]
[White "Marin Ramirez, Gerardo"]
[Black "Rumbos Garcia, Alejandro Daniel"]
[Result "1-0"]
[WhiteElo "2138"]
[BlackElo "2036"]
[PlyCount "83"]
[EventDate "2022.07.27"]
[EventType "tourn"]
[EventRounds "9"]
[EventCountry "VEN"]
[SourceTitle "CBM 209 Extra"]
[Source "ChessBase"]
[SourceDate "2022.09.30"]
[SourceVersion "1"]
[SourceVersionDate "2022.09.30"]
[SourceQuality "1"]

1. d4 Nf6 2. Nf3 g6 3. c4 d5 4. cxd5 Nxd5 5. e4 Nb6 6. h3 Bg7 7. Nc3 0-0 8. Be2 N8d7 9. Be3 c6 10. a4 a5 11. Qb3 Nf6 12. 0-0 Nbd7 13. Rfd1 Ne8 14. Rac1 Nc7 15. d5 Na6 16. e5 Qe8 17. e6 Ne5 18. exf7+ Nxf7 19. dxc6 bxc6 20. Qb6 Nd6 21. Qxa5 Rf5 22. Qb6 Rb8 23. Qa7 Rxb2 24. Bxa6 Ra5 25. Bxc8 Rxa7 26. Be6+ Kh8 27. Bxa7 Qa8 28. Bc5 Qa5 29. Nb5 Nb7 30. Nbd4 Nxc5 31. Nxc6 Qb6 32. Rd8+ Bf8 33. Rxf8+ Kg7 34. Rf7+ Kh6 35. Nxe7 Qb8 36. Bd5 g5 37. g4 Rb1 38. Rxb1 Qxb1+ 39. Kg2 Nd3 40. Nd4 Ne1+ 41. Kh2 Nf3+ 42. Rxf3 1-0

[Event "Barquisimeto Fide Arbiter"]
[Site "Barquisimeto"]
[Date "2020.02.08"]
[Round "5.1"]
[White "Rumbos Garcia, Alejandro Daniel"]
[Black "Paradas, Freddy"]
[Result "1/2-1/2"]
[WhiteElo "1704"]
[BlackElo "1808"]
[PlyCount "95"]
[EventDate "2020.02.07"]
[EventType "schev"]
[EventRounds "7"]
[EventCountry "VEN"]
[SourceTitle "EXT 2021"]
[Source "ChessBase"]
[SourceDate "2020.10.23"]
[SourceVersion "1"]
[SourceVersionDate "2020.10.23"]
[SourceQuality "1"]
[WhiteTeam "Robert Fischer CC"]
[BlackTeam "Orianita Aponte Academia"]
[WhiteTeamCountry "VEN"]
[BlackTeamCountry "VEN"]

1. e4 d5 2. exd5 Qxd5 3. Nc3 Qd6 4. d4 Nf6 5. Nf3 Bg4 6. Be2 c6 7. h3 Bh5 8. g4 Bg6 9. Ne5 Nbd7 10. f4 Be4 11. Rf1 Bd5 12. Be3 Ne4 13. Nxd5 cxd5 14. c3 a6 15. Bd3 f6 16. Nf3 e6 17. Qc2 Qc6 18. 0-0-0 Nb6 19. f5 exf5 20. gxf5 0-0-0 21. Rg1 Nd6 22. Bf4 Re8 23. Rde1 Rxe1+ 24. Rxe1 Na8 25. h4 Nc7 26. h5 Nf7 27. Qg2 h6 28. Nh4 Bd6 29. Bxd6 Qxd6 30. Kc2 Ng5 31. Ng6 Rd8 32. Re7 Rd7 33. Qe2 Kd8 34. Re3 Kc8 35. Qf2 Rd8 36. b3 Qa3 37. Kb1 b5 38. Nf4 b4 39. cxb4 Qxb4 40. Ne6 Ngxe6 41. fxe6 Qxd4 42. e7 Re8 43. Qf5+ Kb8 44. Re1 Qb4 45. Qf2 Rxe7 46. Rxe7 Qxe7 47. Qb6+ Ka8 48. Bxa6 1/2-1/2

[Event "Barquisimeto Fide Arbiter"]
[Site "Barquisimeto"]
[Date "2020.02.08"]
[Round "3.1"]
[White "Rumbos Garcia, Alejandro Daniel"]
[Black "Torres Lucena, Iran"]
[Result "1-0"]
[WhiteElo "1704"]
[BlackElo "1535"]
[PlyCount "71"]
[EventDate "2020.02.07"]
[EventType "schev"]
[EventRounds "7"]
[EventCountry "VEN"]
[SourceTitle "EXT 2021"]
[Source "ChessBase"]
[SourceDate "2020.10.23"]
[SourceVersion "1"]
[SourceVersionDate "2020.10.23"]
[SourceQuality "1"]
[WhiteTeam "Robert Fischer CC"]
[BlackTeam "Orianita Aponte Academia"]
[WhiteTeamCountry "VEN"]
[BlackTeamCountry "VEN"]

1. e4 c5 2. Nf3 Nc6 3. d4 cxd4 4. Nxd4 Nf6 5. Nc3 e5 6. Ndb5 d6 7. Bg5 a6 8. Na3 b5 9. Nd5 Be7 10. Bxf6 Bxf6 11. c3 Bg5 12. Nc2 0-0 13. a4 bxa4 14. Rxa4 a5 15. Bc4 Ne7 16. h4 Bh6 17. g4 Bf4 18. Nxf4 exf4 19. Be2 Qb6 20. b4 Qc6 21. Ra3 Qxe4 22. 0-0 Bb7 23. f3 Qg6 24. Bd3 f5 25. Qe1 Qf7 26. g5 Ng6 27. Nd4 Rae8 28. Qf2 Qd5 29. Rxa5 Qf7 30. Rxf5 Qc7 31. Rxf8+ Nxf8 32. Re1 Ra8 33. Qd2 Bd5 34. c4 Bf7 35. Nb5 Bxc4 36. Nxc7 1-0

[Event "Barquisimeto Fide Arbiter"]
[Site "Barquisimeto"]
[Date "2020.02.07"]
[Round "1.1"]
[White "Rumbos Garcia, Alejandro Daniel"]
[Black "Guedez, Carlos"]
[Result "1-0"]
[WhiteElo "1704"]
[BlackElo "1712"]
[PlyCount "80"]
[EventDate "2020.02.07"]
[EventType "schev"]
[EventRounds "7"]
[EventCountry "VEN"]
[SourceTitle "EXT 2021"]
[Source "ChessBase"]
[SourceDate "2020.10.23"]
[SourceVersion "1"]
[SourceVersionDate "2020.10.23"]
[SourceQuality "1"]
[WhiteTeam "Robert Fischer CC"]
[BlackTeam "Orianita Aponte Academia"]
[WhiteTeamCountry "VEN"]
[BlackTeamCountry "VEN"]

1. e4 c5 2. Nf3 d6 3. d4 cxd4 4. Nxd4 Nf6 5. Nc3 a6 6. Bg5 e6 7. f4 Qc7 8. Qf3 Nbd7 9. 0-0-0 Nc5 10. g4 Be7 11. Bxf6 gxf6 12. h4 Rb8 13. f5 b5 14. fxe6 fxe6 15. g5 b4 16. Qh5+ Kd8 17. Nb1 Nxe4 18. g6 Bf8 19. Bg2 d5 20. Bxe4 Qf4+ 21. Nd2 dxe4 22. Nc6+ Kc7 23. Nxb8 Kxb8 24. Rhf1 Qe3 25. Rde1 Qh6 26. Qxh6 Bxh6 27. Rxe4 f5 28. Rxb4+ Ka7 29. gxh7 Rxh7 30. Kd1 Rd7 31. Rf2 e5 32. Ke1 Re7 33. Nc4 f4 34. Nd6 Bh3 35. Rh2 Be6 36. c4 Rd7 37. Nc8+ Ka8 38. Nb6+ Ka7 39. Nxd7 Bxd7 40. c5 Bc8 1-0

[Event "Pan American-ch School U13"]
[Site "Medellin"]
[Date "2019.11.13"]
[Round "3"]
[White "Rumbos Garcia, Alejandro Daniel"]
[Black "Schnell, Sebastian Narayana"]
[Result "1-0"]
[WhiteElo "1814"]
[BlackElo "1376"]
[PlyCount "65"]
[EventDate "2019.11.12"]
[EventType "swiss"]
[EventRounds "9"]
[EventCountry "COL"]
[SourceTitle "CBM 193 Extra"]
[Source "ChessBase"]
[SourceDate "2020.01.31"]
[SourceVersion "1"]
[SourceVersionDate "2020.01.31"]
[SourceQuality "1"]

1. e4 e5 2. Nf3 Nf6 3. Nxe5 d6 4. Nf3 Nxe4 5. Nc3 Nxc3 6. dxc3 Nc6 7. Bf4 Be6 8. Qd2 Qd7 9. Bb5 a6 10. Ba4 Be7 11. 0-0 0-0 12. Rfe1 Rfe8 13. Nd4 b5 14. Nxe6 fxe6 15. Bb3 Bf6 16. a4 bxa4 17. Rxa4 Kh8 18. Bg5 Bxg5 19. Qxg5 d5 20. Rh4 Qf7 21. Re3 Ne7 22. Reh3 Kg8 23. Rxh7 Ng6 24. Rf3 Qxf3 25. gxf3 Kxh7 26. Qh5+ Kg8 27. Qxg6 Re7 28. Qg5 Rf7 29. Qe5 Raf8 30. Qxe6 Kh7 31. Qh3+ Kg6 32. Bxd5 Re7 33. Qg4+ 1-0

[Event "VEN-ch U17"]
[Site "Caracas"]
[Date "2019.08.09"]
[Round "5"]
[White "Rodil Fermin, Leonardo Enrique"]
[Black "Rumbos Garcia, Alejandro Daniel"]
[Result "1-0"]
[WhiteElo "1771"]
[BlackElo "1740"]
[PlyCount "61"]
[EventDate "2019.08.07"]
[EventType "swiss"]
[EventRounds "9"]
[EventCountry "VEN"]
[SourceTitle "EXT 2020"]
[Source "ChessBase"]
[SourceDate "2019.10.17"]
[SourceVersion "1"]
[SourceVersionDate "2019.10.17"]
[SourceQuality "1"]

1. e4 d5 2. exd5 Qxd5 3. Nc3 Qa5 4. d4 Nf6 5. Nf3 Bg4 6. h3 Bh5 7. Bd2 c6 8. Bc4 e6 9. 0-0 Nbd7 10. Re1 Qc7 11. Qe2 0-0-0 12. a3 h6 13. Qe3 g5 14. Ne5 g4 15. h4 Kb8 16. b4 Nb6 17. Bb3 Rg8 18. Ne2 Nbd5 19. Qd3 Bd6 20. Nf4 Bxe5 21. Rxe5 Bg6 22. Nxg6 Rxg6 23. Rxe6 g3 24. Re2 gxf2+ 25. Rxf2 Ng4 26. g3 Nxf2 27. Kxf2 Rf6+ 28. Kg2 Rg8 29. Bxd5 cxd5 30. Re1 a6 31. Re5 1-0

[Event "VEN-ch U17"]
[Site "Caracas"]
[Date "2019.08.09"]
[Round "6"]
[White "Velasquez Cristancho, Juan Pablo"]
[Black "Rumbos Garcia, Alejandro Daniel"]
[Result "1/2-1/2"]
[WhiteElo "1731"]
[BlackElo "1740"]
[PlyCount "56"]
[EventDate "2019.08.07"]
[EventType "swiss"]
[EventRounds "9"]
[EventCountry "VEN"]
[SourceTitle "EXT 2020"]
[Source "ChessBase"]
[SourceDate "2019.10.17"]
[SourceVersion "1"]
[SourceVersionDate "2019.10.17"]
[SourceQuality "1"]

1. e4 d5 2. exd5 Qxd5 3. Nc3 Qa5 4. d4 Nf6 5. Bd2 c6 6. Nf3 Bg4 7. Be2 e6 8. 0-0 Be7 9. Ne5 Bf5 10. Bd3 Bg6 11. Ne4 Qb6 12. Nxf6+ Bxf6 13. Bc3 0-0 14. Qe2 Rd8 15. Rad1 Nd7 16. Kh1 Qc7 17. Bxg6 hxg6 18. b3 Rac8 19. Ba1 Nxe5 20. dxe5 Be7 21. c4 Bc5 22. Bc3 a6 23. g3 Rxd1 24. Rxd1 Rd8 25. Rxd8+ Qxd8 26. Qd2 Qxd2 27. Bxd2 Bd4 28. f4 Kf8 1/2-1/2

[Event "Barquisimeto Cup Lara op"]
[Site "Barquisimeto"]
[Date "2019.02.16"]
[Round "2.7"]
[White "Rumbos Garcia, Alejandro Daniel"]
[Black "Gil Oviedo, Luis Mariano"]
[Result "1-0"]
[WhiteElo "1623"]
[BlackElo "1294"]
[PlyCount "67"]
[EventDate "2019.02.15"]
[EventType "swiss"]
[EventRounds "5"]
[EventCountry "VEN"]
[SourceTitle "EXT 2022"]
[Source "ChessBase"]
[SourceDate "2021.10.06"]
[SourceVersion "1"]
[SourceVersionDate "2021.10.06"]
[SourceQuality "1"]

1. e4 e6 2. d4 d5 3. Nd2 Nf6 4. e5 Nfd7 5. Bd3 c5 6. c3 Nc6 7. Ne2 Qb6 8. Nf3 Be7 9. 0-0 0-0 10. Bc2 Re8 11. Qd3 Nf8 12. a3 c4 13. Qe3 Bd7 14. h4 Rec8 15. h5 Qd8 16. Qf4 b5 17. Qg4 Qe8 18. Ng5 a5 19. f4 b4 20. Rf3 bxa3 21. bxa3 Rcb8 22. Rg3 Bxg5 23. Qxg5 g6 24. Qh6 Ne7 25. f5 Nxf5 26. Bxf5 exf5 27. Bg5 Ne6 28. hxg6 fxg6 29. Bf6 Qf7 30. Rf1 Rb3 31. Rff3 Rxa3 32. Rxg6+ Qxg6 33. Rg3 Qxg3 34. Nxg3 1-0